000 00694nmc a2200265 a 4500
003 AR-BaBNM
005 20251128202753.0
008 048019s1987 ||||||||||||||000 | spa||
020 _a950-25-0700-2
040 _cAR-BaBNM
100 1 _aDenevi, Marco
_d1922-1998
245 1 0 _aRosaura a las diez
250 _a15ª ed.
260 _aBuenos Aires
_bCentro Editor de América Latina
_c1987
300 0 _a167 p.
490 0 _aLos grandes éxitos del Centro Editor
_vv. 4
650 4 _aLITERATURA ARGENTINA
650 4 _aESCRITORES
650 4 _aLITERATURA CONTEMPORANEA
653 0 _aNARRATIVA
653 0 _aNOVELA POLICIAL
655 _aLITERATURA
942 _cBK
998 _cMARTIN
999 _c485
_d485